00333 2200145 4500001002100000005001500021035002000036245004200056100001800098300000800116260002900124082000800153084001400161990001200175INLIS00000000000217020250527120921 a0010-05250004621 aDua Tengkorak Kepala /cRenedi Nurhan0 aRenedi Nurhan a190 aJakarta :bKompas,c2000 a813 a813 REN d a0712513